书目信息 |
| 题名: |
文化与谈判
|
|
| 作者: | 福尔 , 鲁宾 主编 | |
| 分册: | ||
| 出版信息: | 北京 社会科学文献出版社 2001 |
|
| 页数: | 252页 | |
| 开本: | 20cm | |
| 丛书名: | 现代社会学文库 | |
| 单 册: | ||
| 中图分类: | C51 | |
| 科图分类: | ||
| 主题词: | 文化--背景--谈判--研究 , 社会科学--多卷书 | |
| 电子资源: | ||
| ISBN: | 7-80149-529-2 | |
| 000 | 00840nam0 2200253 45 | |
| 001 | 0207011698 | |
| 005 | 20031219104056.9 | |
| 010 | @a7-80149-529-2@dCNY18.00 | |
| 100 | @a20020701d2001 km y0chiy0120 ea | |
| 101 | 0 | @achi |
| 105 | @a z 000yy | |
| 200 | 1 | @a文化与谈判@AWen Hua Yu Tan Pan@e解决水争端@EJie Jue Shui Zheng Duan@f(法)居伊·奥立维·福尔,(美)杰弗里·Z·鲁宾主编@F(Fa)Ju Yi·Ao Li Wei·Fu Er,(Mei)Jie Fu Li·Z·Lu Bin Zhu Bian |
| 210 | @a北京@c社会科学文献出版社@d2001 | |
| 215 | @a252页@d20cm | |
| 225 | @a现代社会学文库 | |
| 410 | @12001 @a现代社会学文库 | |
| 517 | @a解决水争端@AJie Jue Shui Zheng Duan | |
| 606 | 0 | @a文化@x背景@x谈判@x研究 |
| 606 | 0 | @a社会科学@x多卷书 |
| 690 | @aC51@v4 | |
| 701 | 0 | @a福尔@4主编 |
| 701 | 0 | @a鲁宾@4主编 |
| 801 | @aCN@bTSTC@c20020701 | |
| 905 | @b313306-315@dC51@e114:2@f10 | |
| 文化与谈判:解决水争端/(法)居伊·奥立维·福尔,(美)杰弗里·Z·鲁宾主编.-北京:社会科学文献出版社,2001 |
| 252页;20cm.-(现代社会学文库) |
| ISBN 7-80149-529-2:CNY18.00 |
| ● |
| 相关链接 |
|
|
|
|
正题名:文化与谈判
索取号:C51/114:2
 
预约/预借
| 序号 | 登录号 | 条形码 | 馆藏地/架位号 | 状态 | 备注 |
| 1 | 0313306 | 203133064 | 第一借阅区/ [索取号:C51/114:2] | 在馆 | |
| 2 | 0313307 | 203133073 | 密集书库/ [索取号:C51/114:2] | 在馆 | |
| 3 | 0313308 | 203133082 | 第一借阅区/ [索取号:C51/114:2] | 在馆 | |
| 4 | 0313309 | 203133091 | 第一借阅区/ [索取号:C51/114:2] | 在馆 | |
| 5 | 0313310 | 203133108 | 密集书库/ [索取号:C51/114:2] | 在馆 | |
| 6 | 0313311 | 203133117 | 密集书库/ [索取号:C51/114:2] | 在馆 | |
| 7 | 0313312 | 203133126 | 密集书库/ [索取号:C51/114:2] | 在馆 | |
| 8 | 0313313 | 203133135 | 密集书库/ [索取号:C51/114:2] | 在馆 | |
| 9 | 0313314 | 203133144 | 第一借阅区/ [索取号:C51/114:2] | 在馆 | |
| 10 | 0313315 | 203133153 | 第一样本阅览室/ [索取号:C51/114:2] | 在馆 |